000 00653nam a22001577a 4500
003 OSt
005 20150914154442.0
008 150914b xxu||||| |||| 00| 0 eng d
040 _cRUA
082 _aAGR CHA 1999 B024 Or.1
100 _9469
_aCHANG, DYNA.
245 _aSurvey of pesticide use on rice in svayrieng province ការស្ទាបស្ទង់នៃការប្រើប្រាស់ថ្នាំពុលកសិកម្មរបស់កសិករ​លើដំណាំស្រូវ​នៅខេត្តស្វាយរៀង
260 _aPhnom Penh
_bRUA
_c1999
300 _a63p.
_bill.
_c29cm.
942 _2ddc
_cAGR
999 _c448
_d448